O rouxinol (Record no. 45687)

MARC details
000 -Etiqueta do registo
Valores 00719nam a2200241 4500
010 ## - Número ISBN
ISBN 9789722532099
021 ## - Número do Depósito Legal
Código do país Portugal
Número 409781/16
100 ## - Dados gerais de processamento
Dados gerais 20170220d2016 m y0pory50030103ba
102 ## - País de publicação
País Portugal
200 1# - Titulo e menção de responsabilidade
Título próprio O rouxinol
Primeira menção de responsabilidade Kristin Hannah
Outras menções de responsabilidade trad. Marta Pinho
205 ## - Menção da edição
Edição 1<U+00AA> ed
210 #9 - Publicação
Local de publicação Lisboa
Nome do editor Bertrand,
Data de publicação 2016
215 ## - Descrição física 
Paginação / Volumes 502, [2] p.
Dimensões 24 cm
225 2# - Colecção 
Título próprio da colecção Grandes romances
304 ## - Nota relativa ao título
Texto de nota Tít. orig.: The nightingale
675 ## - CDU
Notação 821.111(73)-31"19/20"
Edição BN
Língua por
700 #1 - Autor principal (pessoa individual)
Apelido Hannah,
Nome Kristin,
Datas 1960-
702 #1 - Autor secundário (pessoa individual)
Apelido Pinho,
Nome Marta
801 #0 - Fonte de origem
País PT
Agência BN
Regras de catalogação RPC
856 41 - Localização e acesso electrónico 
URL <a href="http://rnod.bnportugal.gov.pt/ImagesBN/winlibimg.aspx?skey=&doc=1956686&img=90856&save=true">http://rnod.bnportugal.gov.pt/ImagesBN/winlibimg.aspx?skey=&doc=1956686&img=90856&save=true</a>
990 ## - Elementos KOHA
Tipo de documento Livro
Holdings
Estado Biblioteca de origem Código de barras Cota Permissão de empréstimo Tipo de documento Empréstimo Forma de aquisição
  Biblioteca Municipal de Redondo 054151 821.111(73)-3 HAN   MON Biblioteca Municipal de Redondo  

Powered by Koha